=LDR 00000nam 2200000 4500 =001 INLIS000000000022752 =005 20130612121459 =008 ***********************************Ind** =035 ##$$0010-061300000022752 =041 ##$$a Ind =082 ##$$a 613 =090 ##$$a 613, Tak h =100 ##$$a Takasihaeng, Jan =245 ##$$a Hidup sehat denagn problem penyakit, Jan Takasihaeng =260 ##$$a 2001 $b 6ajakarta =300 ##$$a 224 hlm, 21 cm =650 ##$$a Kesehatan =850 ##$$a NBPNMAT